|
|
|
|
| LEADER |
00000nas a2200000 a 4500 |
| 001 |
ssj0038778 |
| 003 |
WaSeSS |
| 005 |
20200512172242.0 |
| 006 |
m d |
| 007 |
cr n |
| 008 |
830927d19822016nyumr p s 0 a0eng c |
| 010 |
|
|
|a 85648710
|z sn 83002851
|
| 022 |
|
|
|l 0740-4921
|y 0740-4921
|
| 032 |
|
|
|a 001707
|b USPS
|
| 035 |
|
|
|a (WaSeSS)ssj0038778
|
| 037 |
|
|
|b Details, Box 58246, Boulder, CO 80322
|
| 040 |
|
|
|a NSD
|b eng
|c NSD
|d DLC
|d NST
|d NSD
|d OCL
|d IUL
|d CUS
|d OCLCQ
|d OUN
|d OCLCF
|d OCLCO
|d HLS
|d OCL
|d HCO
|d OCLCO
|d OCLCQ
|d ZAS
|d OCLCO
|d LF8
|d ZQP
|d OCLCO
|d WaSeSS
|
| 042 |
|
|
|a pcc
|a nsdp
|
| 043 |
|
|
|a n-us---
|
| 050 |
0 |
0 |
|a NX504
|b .D47
|
| 082 |
0 |
4 |
|a 700/.5
|2 19
|
| 130 |
0 |
|
|a Details (New York, N.Y.)
|
| 210 |
0 |
|
|a Details
|b (N.Y.N.Y.)
|
| 222 |
|
0 |
|a Details
|b (New York, N.Y.)
|
| 245 |
1 |
0 |
|a Details
|h [electronic resource].
|
| 246 |
1 |
0 |
|a Details for men
|f <Mar. 1991->
|
| 260 |
|
|
|a [New York, N.Y.] :
|b [Details Pub. Co.],
|c [©1982]-
|
| 310 |
|
|
|a Monthly (except combined Jan./Feb. and June/July),
|b <May 2001->
|
| 321 |
|
|
|a Monthly (except bimonthly Jan./Feb. and July/Aug.)
|
| 321 |
|
|
|a Monthly,
|b Sept. 1990-
|
| 362 |
0 |
|
|a [Vol. 1, no. 1 (June 1982)]-
|
| 362 |
1 |
|
|a Ceased with issue for Dec. 2015/Jan. 2016?
|
| 500 |
|
|
|a Title from cover.
|
| 500 |
|
|
|a Published: New York : Condé Nast Publications, <Mar. 1991->; New York : Fairchild Publications, <May 2001->
|
| 500 |
|
|
|a "The magazine for men who are passionate about music, fashion, sports, women, politics, humor, and adventure."
|
| 506 |
|
|
|a License restrictions may limit access.
|
| 588 |
|
|
|a Latest issue consulted: Vol. 34, issue 01 (Oct. 2015).
|
| 648 |
|
7 |
|a 1900-1999
|2 fast
|
| 650 |
|
0 |
|a Avant-garde (Aesthetics)
|z United States
|x History
|y 20th century
|v Periodicals.
|
| 650 |
|
0 |
|a Arts
|z United States
|v Periodicals.
|
| 650 |
|
0 |
|a Men's clothing
|v Periodicals.
|
| 650 |
|
7 |
|a Arts.
|2 fast
|0 (OCoLC)fst00817721
|
| 650 |
|
7 |
|a Avant-garde (Aesthetics)
|2 fast
|0 (OCoLC)fst00824280
|
| 650 |
|
7 |
|a Men's clothing.
|2 fast
|0 (OCoLC)fst01016068
|
| 651 |
|
7 |
|a United States.
|2 fast
|0 (OCoLC)fst01204155
|
| 655 |
|
0 |
|a Electronic journals.
|
| 850 |
|
|
|a DLC
|a InU
|a OCU
|
| 856 |
4 |
0 |
|z Full text available from Research Library: 10/01/2013 to 12/31/2015
|u https://search.proquest.com/publication/2032522
|